Ideario filosófico / (Record no. 37087)

MARC details
000 -LEADER
campo de control de longitud fija 00632nam a2200205 i 4500
001 - NÚMERO DE CONTROL
campo de control 37087
003 - IDENTIFICADOR DE NÚMERO DE CONTROL
campo de control ES-MaACL
005 - FECHA Y HORA DE LA ÚLTIMA TRANSACCIÓN
campo de control 20250804062733.0
007 - CAMPO FIJO DE DESCRIPCIÓN FÍSICA--INFORMACIÓN GENERAL
campo de control de longitud fija t|
008 - DATOS DE LONGITUD FIJA--INFORMACIÓN GENERAL
campo de control de longitud fija 030220s1940 sp ||||1| spa d
100 1# - ENTRADA PRINCIPAL--NOMBRE DE PERSONA
Nombre de persona Brumer, August.
9 (RLIN) 32131
245 10 - MENCIÓN DEL TÍTULO
Título Ideario filosófico /
Mención de responsabilidad, etc. August Brumer ; traducción del alemán por Joaquín Iriarte.
250 ## - MENCION DE EDICION
Mención de edición 2ª ed. española.
260 ## - PUBLICACIÓN, DISTRIBUCIÓN, ETC.
Lugar de publicación, distribución, etc. Madrid :
Nombre del editor, distribuidor, etc. Sucesores de Rivadeneyra,
Fecha de publicación, distribución, etc. 1940.
300 ## - DESCRIPCIÓN FÍSICA
Extensión 295 p. ;
Dimensiones 22 cm.
650 07 - PUNTO DE ACCESO ADICIONAL DE MATERIA--TÉRMINO DE MATERIA
Término de materia o nombre geográfico como elemento de entrada Filosofía
Fuente del encabezamiento o término embne
9 (RLIN) 12802
700 1# - ENTRADA AGREGADA--NOMBRE PERSONAL
Nombre de persona Iriarte, Joaquín (
Fechas asociadas al nombre 1894-1970)
9 (RLIN) 65437
852 ## - LOCALIZACIÓN
Ubicación ES-MaACL
Número de control de estantería A-5304
Sublocalización o colección R.18316
Holdings
Estatus retirado Estado de pérdida Estado de daño No para préstamo Biblioteca de origen Biblioteca actual Ubicación en estantería Fecha de adquisición Fuente de adquisición Total de préstamos Signatura topográfica completa Código de barras Visto por última vez Precio de reemplazo Tipo de ítem Koha
        Biblioteca del Ateneo de Madrid Biblioteca del Ateneo de Madrid Sala Pecera Planta 1 17/01/2008     A-5304 1039019 23/02/2023 23/02/2023 Libro impreso